Movies Quiz

Random Movies or Actress Quiz

What Movie? Actresses' Movies by Words Quiz Stats

 Plays Quiz Updated Oct 22, 2017

Challenge
Share
Tweet
Embed
Score 0/48 Timer 09:00
0 Plays Today
Actress Movies % Correct
Julia RobertsEat Pray Love
89%
Reese WitherspoonCruel Intentions
83.8%
Hilary SwankMillion Dollar Baby
82.9%
Julia RobertsNotting Hill
82.8%
Nicole KidmanEyes Wide Shut
81.9%
Reese WitherspoonSweet Home Alabama
81.8%
Marilyn MonroeSome Like It Hot
80.9%
Nicole KidmanCold Mountain
79.3%
Meryl StreepSophie's Choice
78.1%
Cameron DiazThere's Something About Mary
77.9%
Marilyn MonroeGentlemen Prefer Blondes
76.7%
Kate WinsletSense and Sensibility
76.1%
Reese WitherspoonWalk the Line
75.1%
Cameron DiazVanilla Sky
70.1%
Kate WinsletFinding Neverland
68.2%
Hilary SwankBoys Don't Cry
68.2%
Frances McDormandAlmost Famous
66%
Michelle PfeifferThe Witches of Eastwick
65.9%
Angelina JolieGirl, Interrupted
63.8%
Meryl StreepThe Deer Hunter
63.7%
Angelina JolieThe Bone Collector
60.8%
Michelle PfeifferWhat Lies Beneath
59.7%
Kate WinsletRevolutionary Road
59.7%
Julia RobertsSleeping with the Enemy
59.5%
Actress Movies % Correct
Marilyn MonroeThe Seven Year Itch
58.5%
Charlize TheronThe Italian Job
57.5%
Cameron DiazMy Sister's Keeper
57.5%
Julia RobertsCharlie Wilson's War
51.3%
Cameron DiazBeing John Malkovich
48.5%
Nicole KidmanPractical Magic
48.4%
Michelle PfeifferOne Fine Day
46.9%
Meryl StreepOut of Africa
43.3%
Meryl StreepThe River Wild
37.9%
Marilyn MonroeHow to Marry a Millionaire
35.7%
Hilary SwankFreedom Writers
33.9%
Frances McDormandBlood Simple
28.7%
Frances McDormandWonder Boys
28.7%
Reese WitherspoonJust Like Heaven
26.7%
Charlize TheronThe Cider House Rules
25.7%
Hilary SwankP.S. I Love You
24.3%
Charlize TheronSnow White and the Huntsman
22.8%
Michelle PfeifferDark Shadows
20.8%
Nicole KidmanRabbit Hole
18.6%
Charlize TheronNorth Country
16.8%
Frances McDormandPrimal Fear
15.5%
Angelina JolieTaking Lives
14%
Angelina JolieThe Good Shepherd
13.4%
Kate WinsletThe Life of David Gale
11.8%

You're not logged in!

Compare scores with friends on all Sporcle quizzes.
Join for Free
OR
Log In

You Might Also Like...

Show Comments

Extras

Top Quizzes Today


Score Distribution

Your Account Isn't Verified!

In order to create a playlist on Sporcle, you need to verify the email address you used during registration. Go to your Sporcle Settings to finish the process.

Report this User

Report this user for behavior that violates our Community Guidelines.

Details: